000 01111cam a22003137i 4500
005 20240510160014.0
008 150112s2015 inu 000 0 eng
010 _a 2015930535
020 _a9781118925157 (pbk. : alk. paper)
020 _a1118925157 (pbk. : alk. paper)
040 _aDLC
_beng
_erda
_cDLC
_dDLC
082 _a005.43
_bMAR-M
100 1 _aMarshall, Nick,
245 1 0 _aMastering VMware vSphere R /
_cNick Marshall, Grant Orchard, Josh Atwell.
260 _aCanada
_bWiley
_c2015
264 1 _aIndianapolis, Indiana :
_bSybex, A Wiley Brand
_c[2015]
300 _axxii, 810 pages :
_billustrations ;
_c24 cm
336 _atext
_btxt
_2rdacontent
337 _aunmediated
_bn
_2rdamedia
338 _avolume
_bnc
_2rdacarrier
500 _aIncludes index.
500 _a[Registered trademark R]
500 _aMinimal Level Cataloging Plus.
_5DLC
650 0 _aOperating systems (Computers)
650 0 _aWindows (Computer programs)
906 _a7
_bcbc
_corignew
_d4
_eepcn
_f20
_gy-gencatlg
999 _c18739
_d18739